[Event "25th Troya Open 2017"]
[Site "Canakkale"]
[Date "2017.08.09"]
[Round "5.1"]
[White "Savchenko, Boris"]
[Black "Rasulov, Vugar"]
[Result "1/2-1/2"]
[WhiteElo "2602"]
[BlackElo "2509"]
[Annotator "TA"]
[PlyCount "30"]
[EventCountry "TUR"]
[SourceTitle "playchess.com"]
[Source "ChessBase"]
[SourceQuality "1"]

{[%evp 22,30,83,91,116,54,60,50,73,0,17]} 1. e4 g6 2. d4 Bg7 3. Nc3 c6 4. Nf3 d6 5. a4 Nf6 6. Be3 O-O 7. h3 Nbd7 8. a5 e5 9. dxe5 dxe5 10. Qd6 Re8 11. Bc4 Bf8 12. Qd3 {[#] aiming for Ng5.} h6 {B08: Pirc Defence: Classical System} 13. O-O ({White should try} 13. Nh4 $16) 13... Qe7 $14 14. Qd2 (14. Na4 Nh5 15. Rfd1 Nf4 16. Bxf4 exf4 17. e5 Kh7 18. Qb3 Nxe5 19. Nxe5 Qxe5 20. Bxf7 {1-0 (48) Zhigalko,S (2671)-Andriasian,Z (2621) Tallinn 2016}) 14... Nc5 {[#]} 15. Bd3 $146 (15. Bxh6 $16 Ncxe4 16. Nxe4 Nxe4 17. Qe3) ({Predecessor:} 15. Bxh6 Ncxe4 16. Qe3 Nd6 17. Bb3 Nf5 18. Bxf8 Qxf8 19. Qg5 Qg7 20. Rfe1 {1-0 (83) Komliakov,V (2535)-Zakharevich,I (2425) Moscow 1995}) 15... Kh7 1/2-1/2

[Event "25th Troya Open 2017"]
[Site "Canakkale"]
[Date "2017.08.09"]
[Round "5.2"]
[White "Baltaci, Ismail Tarik"]
[Black "Sevgi, Volkan"]
[Result "1-0"]
[WhiteElo "1946"]
[BlackElo "2213"]
[Annotator "TA"]
[PlyCount "115"]
[EventCountry "TUR"]
[SourceTitle "playchess.com"]
[Source "ChessBase"]
[SourceQuality "1"]

{[%evp 17,115,75,79,41,89,61,58,26,41,17,38,37,33,38,39,26,32,34,53,43,44,0,76,79,108,92,141,129,138,134,137,147,152,140,164,162,160,154,164,131,149,141,138,119,135,115,125,110,102,105,114,79,172,163,260,247,246,170,270,276,406,393,383,329,333,318,310,315,457,350,602,589,522,449,540,510,538,532,525,518,661,659,610,603,5183,5293,29978,29978,29975,29977,29979,29979,2851,2109,29984,29985,29987,29986,29994,29995]} 1. e4 c6 2. d4 d5 3. Nc3 dxe4 4. Nxe4 Nf6 5. Nxf6+ gxf6 6. c3 Bf5 7. Nf3 e6 8. g3 Qd5 9. Bg2 Qc4 {LiveBook: 28 Games} 10. Qb3 {B16: Caro-Kann: Bronstein-Larsen Variation} (10. Nh4 Bd3 11. Qd2 a5 12. b3 Qa6 13. Bb2 Nd7 14. f4 h5 15. c4 Bh7 16. f5 O-O-O 17. O-O exf5 {1-0 (40) Lopez Martinez,J (2547)-Bergez,L (2395) Barbera del Valles 2013}) 10... Qa6 11. Be3 $146 ({Predecessor:} 11. c4 Nd7 12. O-O Nb6 13. Nh4 Bg4 14. d5 cxd5 15. cxd5 e5 16. Re1 Qa5 17. Be3 Bb4 18. Bxb6 {1-0 (18) Vandevoort,P (2364)-Konings,L (2294) Netherlands 2008}) 11... Nd7 {[%cal Bb8d7,Bd7b6,Bb6c4][%mdl 32]} 12. O-O-O {White is slightly better.} Be4 13. Nh4 {[%cal Bf3h4,Bh4g2,Bg2f4,Bf4h5][%mdl 32]} Bxg2 14. Nxg2 Nb6 15. Kb1 $36 {[%mdl 2048] White is pushing.} O-O-O 16. Nf4 Nc4 17. Bc1 Bd6 18. Nh5 Be7 {Threatens to win with ...Rd5.} 19. Nf4 e5 (19... Bd6 $11) 20. Rhe1 $16 Rhe8 21. Ng2 c5 {[%cal Rc5d4]} 22. Ne3 Nxe3 23. Bxe3 c4 24. Qc2 Qe6 25. Qxh7 e4 26. Bf4 f5 {next ...Rh8 is good for Black.} 27. Qh3 Rh8 28. Qg2 Qd5 29. h4 Bd6 30. Bg5 Rde8 31. Rh1 Reg8 32. Rdf1 b5 33. Re1 b4 34. cxb4 {Hoping for Rc1.} Kb7 (34... Kd7 $16) 35. Bd2 Rg4 (35... Rh5 $142 36. Bc3 Bc7) 36. h5 $18 {[%cal Bh4h5,Bh5h6][%mdl 32]} f6 37. Bc3 Qf7 (37... Rg5 $142 38. h6 Rg6) 38. h6 Qg6 (38... a6 {is a better defense.} 39. Qh3 Qd5) 39. Qf1 Qf7 40. Rh3 Qd5 41. Qe2 Rh7 42. Rh5 {Strongly threatening Qxg4!} Qe6 (42... Rg5 {might work better.} 43. a3 a6) 43. Rd1 Rg5 $2 (43... e3 44. Ka1 Rg5) 44. d5 Qe8 45. Rh4 Qa4 46. Rc1 Qb5 47. Bxf6 Rg6 48. Bg7 Be7 49. Rhh1 Bg5 50. Rxc4 {aiming for Rc7+!} Bxh6 {[#]} 51. Rc7+ $1 {[%mdl 512]} Ka6 {[#]} (51... Kxc7 52. Qxb5) 52. Rxa7+ $1 {[%mdl 512]} Kxa7 53. Qxb5 Rhxg7 54. Qc5+ Kb7 55. Qf8 Bd2 56. Rh8 {White mates.} Ka6 57. a4 Rc7 58. Qa8+ {Precision: White = 64%, Black = 41%.} 1-0

[Event "25th Troya Open 2017"]
[Site "Canakkale"]
[Date "2017.08.09"]
[Round "5.3"]
[White "Yolsal, Umut"]
[Black "Benidze, Davit"]
[Result "0-1"]
[WhiteElo "1981"]
[BlackElo "2476"]
[Annotator "TA"]
[PlyCount "80"]
[EventCountry "TUR"]
[SourceTitle "playchess.com"]
[Source "ChessBase"]
[SourceQuality "1"]

{[%evp 14,80,28,8,15,12,10,20,31,27,11,0,0,0,0,4,16,0,14,18,22,-22,-20,-39,-39,-36,-35,-29,-12,-52,-51,-44,-33,-55,-54,-118,-91,-154,-147,-141,-144,-150,-155,-167,-153,-164,-156,-169,-175,-257,-255,-364,-345,-544,-541,-572,-427,-909,-727,-695,-688,-671,-642,-912,-905,-921,-842,-2103,-2067]} 1. e4 g6 2. d4 Bg7 3. Nf3 d6 4. Nc3 a6 5. a4 Nf6 6. h3 O-O 7. Be3 Nc6 8. Qd2 {LiveBook: 29 Games} Re8 {B08: Pirc Defence: Classical System} (8... b6 9. Rd1 Bb7 10. Be2 Nb4 11. O-O a5 12. e5 dxe5 13. Nxe5 Qc8 14. Rc1 Nd7 15. f4 Rd8 16. Bc4 {½-½ (34) Petr,M (2523)-Schlosser,P (2599) Pardubice 2011}) 9. Be2 e5 10. dxe5 Nxe5 {The position is equal.} 11. Nxe5 Rxe5 12. Bf3 Bd7 13. O-O Bc6 {[%cal Rf6e4]} 14. Bd4 Re8 {[%cal Rf6e4]} 15. Rfe1 Nd7 $146 16. Bxg7 Kxg7 17. Qd4+ (17. b4 $5 {[%cal Rb4b5]} Qf6 18. a5 $11) 17... Qf6 18. Qxf6+ Nxf6 19. g3 h5 20. h4 Re5 21. Re3 Rae8 {[%cal Rf6e4]} 22. Rae1 Ng4 23. Bxg4 hxg4 24. Nd5 ({Better is} 24. Kf1 $15) 24... Bxa4 $17 ({Don't take} 24... Bxd5 25. exd5 Rxe3 26. fxe3 $15) 25. Nxc7 ({White should try} 25. b3 Bc6 26. Nxc7) 25... Rc8 $36 {[%mdl 2048] Black has strong initiative.} 26. Rc3 {Black should prevent Ne6+!} Rc5 27. Rxc5 dxc5 {[%cal Bd6c5,Bc5c4][%mdl 4128] Endgame KRB-KRN} 28. Nd5 {[#] Black must now prevent Nb6.} Bxc2 29. e5 Bb3 30. Nf6 Be6 31. Rd1 (31. Ne4 $142) 31... c4 $19 32. Rd6 (32. f3 {was necessary.}) 32... Rc5 33. Nd7 (33. Rd4 $142) 33... Rb5 {Black is clearly winning.} 34. Rd2 a5 {[%cal Ba6a5,Ba5a4,Ba4a3][%mdl 32]} 35. Kg2 (35. Nf6 $142 Rxe5 36. Ne8+ Kf8 37. Nc7) 35... a4 36. Nf6 Rxe5 {[#] ...c3 is the strong threat.} 37. Ne8+ Kf8 38. Nf6 b5 {[%cal Bb7b5,Bb5b4][%mdl 32]} 39. Kf1 b4 40. Rd4 a3 {Precision: White = 32%, Black = 83%.} 0-1

[Event "25th Troya Open 2017"]
[Site "Canakkale"]
[Date "2017.08.09"]
[Round "5.4"]
[White "Ozsakallioglu, Okan"]
[Black "Rahmanov, Shahriyar"]
[Result "0-1"]
[WhiteElo "2010"]
[BlackElo "2327"]
[Annotator "TA"]
[PlyCount "56"]
[EventCountry "TUR"]
[SourceTitle "playchess.com"]
[Source "ChessBase"]
[SourceQuality "1"]

{[%evp 9,56,49,71,57,84,60,85,67,69,58,55,51,72,-27,-15,-25,-19,-62,-47,-57,-6,-107,-63,-63,-58,-42,-52,-57,0,0,-9,-7,0,0,0,2,0,-36,-48,-42,-51,-31,-38,-143,-128,-410,-389,-29994,-29995]} 1. e4 d6 2. d4 Nd7 3. Nc3 g6 4. Bc4 Bg7 5. Nf3 c6 6. O-O {B06: Modern Defence} e6 7. a4 Ne7 8. Bg5 {White is better.} (8. Bf4 Nf6 9. Qd2 O-O 10. Rad1 d5 11. Bd3 b6 {½-½ (11) Szuk,B (2408)-Butunoi,A (2403) Hungary 2008}) 8... h6 $146 ({Predecessor:} 8... a5 9. Re1 O-O 10. Qd2 Re8 11. Rad1 Nb6 12. Bb3 Bd7 13. Qf4 Qc7 14. Bf6 Rac8 15. Ng5 d5 16. Be5 Qxe5 17. Qxf7+ Kh8 18. dxe5 h6 19. Re3 dxe4 20. Rh3 Ng8 {1-0 (20) Skok,J (2018)-Cokan,M (1862) Nova Gorica 2010}) 9. Be3 O-O 10. Qd2 Kh7 11. d5 (11. Bf4 $16) 11... cxd5 $11 12. exd5 e5 {[%cal Be6e5,Be5e4][%mdl 32]} 13. Nb5 e4 14. Ne1 Ne5 (14... Bxb2 $15 15. Rb1 Bg7) 15. Qb4 (15. Be2 $11) 15... a6 16. Nc3 Nxc4 17. Qxc4 f5 18. Qb3 g5 19. f3 Ng6 20. fxe4 f4 $36 {[%mdl 2048] Black is more active.} 21. Bb6 Qe7 22. Nd3 g4 {[%cal Bg5g4,Bg4f3][%mdl 32]} 23. g3 (23. e5 $5 Nxe5 24. Rxf4 $11 (24. Nxf4 Nf3+ 25. gxf3 Rxf4 $11)) 23... fxg3 24. hxg3 {next Rxf8 is good for White.} Rf3 25. Rxf3 gxf3 26. Kf2 {[#]} ({White should play} 26. Bf2 $15) 26... Qg5 $1 $17 {[%cal Rg5d2][%mdl 1024] Black has strong compensation.} 27. Be3 $2 {[%mdl 8192]} (27. Ke1 $17) 27... Qh5 $19 {( -> ...Qh2+)} 28. Rf1 $2 (28. Bb6 $19 Bd7 29. Ke3) 28... Qh2+ {Precision: White = 25%, Black = 65%.} 0-1

[Event "25th Troya Open 2017"]
[Site "Canakkale"]
[Date "2017.08.09"]
[Round "5.5"]
[White "Aliyev, Elnur"]
[Black "Unlu, Alp Bugra"]
[Result "1-0"]
[WhiteElo "2150"]
[BlackElo "1868"]
[Annotator "RC"]
[PlyCount "113"]
[EventCountry "TUR"]
[SourceTitle "playchess.com"]
[Source "ChessBase"]
[SourceQuality "1"]
[TimeControl "5400+30"]

1. Nf3 {[%emt 0:00:30]} Nf6 {[%emt 0:01:00]} 2. g3 {[%emt 0:00:30]} g6 {[%emt 0:00:30]} 3. b3 {[%emt 0:00:30]} Bg7 {[%emt 0:00:30]} 4. Bb2 {[%emt 0:00:30]} b6 {[%emt 0:00:30]} 5. Bg2 {[%emt 0:00:30]} Bb7 {[%emt 0:00:30]} 6. O-O {[%emt 0:00:30]} d6 {[%emt 0:00:00]} 7. d4 {[%emt 0:00:30]} O-O {[%emt 0:00:00]} 8. c4 {[%emt 0:00:00]} Nbd7 {[%emt 0:00:30]} 9. Qc2 {[%emt 0:02:00]} Re8 {[%emt 0:03:30]} 10. d5 {[%emt 0:03:30]} e6 {[%emt 0:02:30]} 11. dxe6 {[%emt 0:00:30]} fxe6 {[%emt 0:00:30]} 12. Nc3 {[%emt 0:03:30]} Ng4 {[%emt 0:12:30]} 13. Bh3 {[%emt 0:07:30]} Nde5 {[%emt 0:10:30]} 14. Nxe5 {[%emt 0:02:30]} Nxe5 {[%emt 0:00:00]} 15. Nb5 {[%emt 0:10:30]} Qd7 {[%emt 0:05:00]} 16. Rad1 {[%emt 0:05:30]} a6 {[%emt 0:05:30]} 17. Nc3 {[%emt 0:07:30]} Qf7 {[%emt 0:08:30]} 18. f4 {[%emt 0:02:30]} Nd7 {[%emt 0:01:30]} 19. e3 {[%emt 0:13:30]} Rad8 {[%emt 0:14:30]} 20. Bg2 {[%emt 0:00:30]} Bxg2 {[%emt 0:00:30]} 21. Qxg2 {[%emt 0:00:30]} Nf6 {[%emt 0:00:30]} 22. e4 {[%emt 0:00:30]} Qe7 {[%emt 0:00:30]} 23. Qe2 {[%emt 0:00:30]} e5 {[%emt 0:00:30]} 24. f5 {[%emt 0:00:30]} g5 {[%emt 0:01:30]} 25. Qd2 {[%emt 0:01:30]} h6 {[%emt 0:00:30]} 26. Nd5 {[%emt 0:00:30]} Qf7 {[%emt 0:00:30]} 27. Nxf6+ {[%emt 0:00:30]} Bxf6 {[%emt 0:00:30]} 28. Qd5 {[%emt 0:00:30]} Kg7 {[%emt 0:01:30]} 29. a4 {[%emt 0:06:30]} a5 {[%emt 0:01:30]} 30. Bc3 {[%emt 0:00:30]} Qd7 {[%emt 0:00:30]} 31. Rf3 {[%emt 0:00:30]} Ra8 {[%emt 0:09:30]} 32. Rfd3 {[%emt 0:01:30]} Rab8 {[%emt 0:01:42]} 33. Be1 {[%emt 0:00:30]} Red8 {[%emt 0:01:49]} 34. Bf2 {[%emt 0:01:30]} Qe8 {[%emt 0:00:21]} 35. R3d2 {[%emt 0:03:30]} Kf8 {[%emt 0:02:34]} 36. Be3 {[%emt 0:01:30]} Qf7 {[%emt 0:00:43]} 37. Kf2 {[%emt 0:02:30]} Qxd5 {[%emt 0:02:00]} 38. cxd5 {[%emt 0:00:00]} Ke7 {[%emt 0:00:10]} 39. Rc2 {[%emt 0:00:00]} Kd7 {[%emt 0:00:20]} 40. Rdc1 {[%emt 0:00:30]} Rdc8 {[%emt 0:00:22]} 41. Bd2 {[%emt 0:00:30]} Ra8 {[%emt 0:00:44]} 42. Ke2 {[%emt 0:00:30]} Ra7 {[%emt 0:00:30]} 43. Kd3 {[%emt 0:00:30]} h5 {[%emt 0:00:30]} 44. Kc4 {[%emt 0:01:30]} Raa8 {[%emt 0:05:07]} 45. Kb5 {[%emt 0:00:00]} Ra7 {[%emt 0:00:03]} 46. Be3 {[%emt 0:04:00]} Raa8 {[%emt 0:00:45]} 47. h4 {[%emt 0:00:26]} gxh4 {[%emt 0:01:12]} 48. gxh4 {[%emt 0:00:01]} Bxh4 {[%emt 0:00:49]} 49. Rh1 {[%emt 0:00:32]} Bf6 {[%emt 0:00:06]} 50. Rxh5 {[%emt 0:00:50]} Rh8 {[%emt 0:00:01]} 51. Rch2 {[%emt 0:00:38]} Rxh5 {[%emt 0:00:36]} 52. Rxh5 {[%emt 0:00:03]} Rg8 {[%emt 0:02:12]} 53. Rh7+ {[%emt 0:00:15]} Kc8 {[%emt 0:00:41]} 54. Kc6 {[%emt 0:05:56]} Bd8 {[%emt 0:00:38]} 55. f6 {[%emt 0:00:05]} Rg3 {[%emt 0:05:25]} 56. f7 {[%emt 0:00:24]} Rf3 {[%emt 0:00:43]} 57. Rh8 {[%emt 0:00:20]} 1-0

[Event "25th Troya Open 2017"]
[Site "Canakkale"]
[Date "2017.08.09"]
[Round "5.6"]
[White "Kuruz, Yusuf"]
[Black "Alaz, Ahmet Efekan"]
[Result "1/2-1/2"]
[WhiteElo "1903"]
[BlackElo "2048"]
[Annotator "NA RC"]
[PlyCount "35"]
[EventCountry "TUR"]
[SourceTitle "playchess.com"]
[Source "ChessBase"]
[SourceQuality "1"]
[TimeControl "5400+30"]

1. e4 {[%emt 0:00:30]} d6 {[%emt 0:01:00]} 2. Nc3 {[%emt 0:02:30]} Nf6 {[%emt 0:01:30]} 3. Nf3 {[%emt 0:02:30]} Nbd7 {[%emt 0:00:00]} 4. Bc4 {[%emt 0:03:30]} h6 {[%emt 0:01:00]} 5. d3 {[%emt 0:01:30]} e5 {[%emt 0:00:30]} 6. h3 {[%emt 0:07:30]} Be7 {[%emt 0:00:30]} 7. Be3 {[%emt 0:01:30]} c6 {[%emt 0:00:30]} 8. a4 {[%emt 0:04:30]} a5 {[%emt 0:01:30]} 9. O-O {[%emt 0:08:30]} Nf8 {[%emt 0:02:30]} 10. d4 {[%emt 0:02:30]} Qc7 {[%emt 0:00:00]} 11. Bb3 {[%emt 0:15:30]} g5 {[%emt 0:01:00]} 12. dxe5 {[%emt 0:00:30]} dxe5 {[%emt 0:00:30]} 13. Nd2 {[%emt 0:09:30]} Ng6 {[%emt 0:25:30]} 14. Nc4 $14 {[%emt 0:16:30]} Be6 {[%emt 0:18:30]} 15. Bb6 {[%emt 0:00:30]} Qc8 {[%emt 0:00:30]} 16. Nd6+ {[%emt 0:00:40]} Bxd6 {[%emt 0:00:30]} 17. Qxd6 {[%emt 0:00:30]} Bxb3 {[%emt 0:00:30]} 18. cxb3 {[%emt 0:00:30]} 1/2-1/2

[Event "25th Troya Open 2017"]
[Site "Canakkale"]
[Date "2017.08.09"]
[Round "5.7"]
[White "Maden, Mirac Kerem"]
[Black "Yerden, Huseyin Eren"]
[Result "0-1"]
[WhiteElo "2014"]
[BlackElo "1816"]
[Annotator "NA RC"]
[PlyCount "164"]
[EventCountry "TUR"]
[SourceTitle "playchess.com"]
[Source "ChessBase"]
[SourceQuality "1"]
[TimeControl "5400+30"]

{[%evp 21,157,-33,29,0,9,5,33,-18,24,-27,32767,32767,32767,-22,0,-95,116,32767,242,278,257,181,254,182,202,0,32767,32767,32767,32767,32767,32767,32767,32767,32767,32767,32767,-97,-104,-142,-103,-197,-147,-192,-225,-216,-228,-479,32767,32767,32767,-532,32767,32767,32767,32767,32767,32767,32767,-345,-263,-231,-68,-326,-149,-141,-39,-34,-30,32767,32767,32767,32767,32767,-8,32767,32767,32767,32767,32767,0,0,0,0,32767,32767,32767,32767,0,-8,-8,-10,-6,-5,0,32767,32767,32767,32767,32767,32767,32767,32767,32767,32767,32767,32767,32767,32767,-20,0,-20,-32,-29,-2,-23,-7,0,0,-22,-13,-124,-89,-158,32767,32767,32767,32767,-179,-238,-234,-329,-323,32767,32767,32767,32767,-347]} 1. d4 {[%emt 0:00:30]} Nf6 {[%emt 0:01:00]} 2. Nf3 {[%emt 0:00:30]} e6 {[%emt 0:00:30]} 3. c4 {[%emt 0:00:30]} b6 {[%emt 0:00:30]} 4. g3 {[%emt 0:01:30]} Ba6 {[%emt 0:00:30]} 5. Qa4 {[%emt 0:00:30]} Bb7 {[%emt 0:01:30]} 6. Bg2 {[%emt 0:00:30]} c5 {[%emt 0:00:30]} 7. e3 {[%emt 0:01:30]} Be7 {[%emt 0:02:30]} 8. O-O {[%emt 0:00:30]} O-O {[%emt 0:00:00]} 9. Rd1 {[%emt 0:01:30]} d5 {[%emt 0:05:00]} 10. Ne5 {[%emt 0:08:30]} Qc7 {[%emt 0:03:30]} 11. Nc3 {[%emt 0:08:30]} a6 {[%emt 0:11:30]} 12. cxd5 {[%emt 0:01:30]} exd5 {[%emt 0:02:30]} (12... b5 $5 {[%cal Rb5a4]} 13. Qb3 exd5 $11) 13. Qc2 {[%emt 0:15:30]} b5 {[%emt 0:09:30]} 14. Qf5 {[%emt 0:11:30]} b4 {[%emt 0:10:30]} 15. Ne2 {[%emt 0:04:30]} c4 {[%emt 0:01:30]} 16. Nf4 {[%emt 0:04:30]} g6 {[%emt 0:10:30]} 17. Qh3 {[%emt 0:07:30]} Rd8 {[%emt 0:07:30]} 18. e4 {[%emt 0:05:30] [#]} (18. Bd2 $11) 18... dxe4 $2 {[%emt 0:08:30] [#]} (18... Bc8 $1 $17 {[%cal Rc8h3] and life is bright.} 19. Qh6 dxe4 20. Nfxg6 fxg6 21. Nxg6 Bd6) 19. Ne6 $1 {[%emt 0:00:30]} fxe6 {[%emt 0:09:13]} (19... Qxe5 $16 {was worth a try.} 20. Nxd8 Qd5) 20. Qxe6+ {[%emt 0:00:30]} Kg7 {[%emt 0:00:10] [#]} 21. Qf7+ $1 {[%emt 0:02:30]} Kh8 {[%emt 0:00:52]} 22. Bh6 {[%emt 0:02:30]} Ne8 {[%emt 0:07:41] [#]} 23. Bh3 $2 {[%emt 0:03:49]} (23. Bg5 $1 $18 {[%cal Rg5e7][%mdl 512]} Nc6 (23... Bxg5 24. Qf8#) 24. Nxc6 Bxc6 25. Bxe7) 23... Bd5 {[%emt 0:02:44]} 24. Be6 {[%emt 0:00:41]} Bxe6 {[%emt 0:00:06]} 25. Qxe6 {[%emt 0:00:05]} Nd6 {[%emt 0:00:11]} 26. Nxg6+ {[%emt 0:00:36]} hxg6 {[%emt 0:00:30]} 27. Qe5+ {[%emt 0:00:30]} Bf6 {[%emt 0:00:30]} 28. Qxf6+ {[%emt 0:00:30]} Kh7 {[%emt 0:00:05]} 29. Bf4 {[%emt 0:04:11] [#]} Nc6 $1 {[%emt 0:01:36]} 30. Qh4+ {[%emt 0:00:26]} Kg8 {[%emt 0:00:34]} 31. d5 {[%emt 0:00:25] [#]} (31. Qg5 $17 {is a better defense.}) 31... Na5 $1 {[%emt 0:00:22]} 32. Be5 {[%emt 0:01:33]} Qh7 {[%emt 0:00:58]} 33. Qf6 {[%emt 0:00:02] [#]} Nab7 $1 {[%emt 0:00:43]} 34. f3 $2 {[%emt 0:02:51]} (34. Qe6+ Kf8 35. a3) 34... Rf8 {[%emt 0:03:00]} 35. Qe6+ {[%emt 0:00:06]} Nf7 {[%emt 0:00:00]} 36. Bf4 {[%emt 0:02:12]} exf3 {[%emt 0:00:20]} 37. d6 {[%emt 0:01:07]} Nc5 {[%emt 0:01:03]} 38. Qxc4 {[%emt 0:00:34]} Qh3 {[%emt 0:00:23]} 39. Rd2 {[%emt 0:03:02]} Ne6 {[%emt 0:00:20]} 40. Rf1 {[%emt 0:02:09]} Nxf4 {[%emt 0:00:15]} 41. Qxf4 {[%emt 0:00:13]} Qf5 $2 {[%emt 0:00:50]} (41... Rad8 $19 42. Qxf3 Nxd6) 42. Rxf3 $2 {[%emt 0:01:34] [#]} (42. Qxf5 $15 gxf5 43. d7) 42... Qxf4 {[%emt 0:00:34]} (42... Ne5 $1 $19 {[%cal Re5f3] has better winning chances.} 43. Qxf5 Nxf3+ 44. Qxf3 Rxf3) 43. Rxf4 {[%emt 0:00:01]} Rad8 {[%emt 0:00:20]} (43... Ne5 $17 44. Rdf2 Rxf4 45. Rxf4 Rd8 46. Rxb4 Rxd6) 44. Rxb4 {[%emt 0:00:23]} a5 {[%emt 0:00:53]} 45. Rb5 {[%emt 0:00:56]} Rxd6 {[%emt 0:00:47]} 46. Rxd6 {[%emt 0:00:30]} Nxd6 {[%emt 0:00:30]} 47. Rxa5 {[%emt 0:00:04]} Nc4 {[%emt 0:00:00]} 48. Rb5 {[%emt 0:00:36]} Ne3 {[%emt 0:00:00]} 49. h4 {[%emt 0:00:15]} Rf1+ {[%emt 0:00:23]} 50. Kh2 {[%emt 0:00:01]} Rf2+ {[%emt 0:00:33]} 51. Kh3 {[%emt 0:00:01]} Rf1 {[%emt 0:00:30]} 52. g4 {[%emt 0:00:37]} Rf3+ {[%emt 0:00:57]} 53. Kh2 {[%emt 0:00:01]} Nxg4+ {[%emt 0:00:06]} 54. Kg2 {[%emt 0:00:01]} Rf6 {[%emt 0:01:01]} 55. a4 {[%emt 0:00:28]} Ne3+ {[%emt 0:00:12]} 56. Kg3 {[%emt 0:00:12]} Nf5+ {[%emt 0:00:21]} 57. Kg4 {[%emt 0:00:22]} Nd4 {[%emt 0:00:52]} 58. Kg5 {[%emt 0:01:19]} Ra6 {[%emt 0:00:44]} 59. Rb8+ {[%emt 0:00:10]} Kg7 {[%emt 0:00:38]} 60. Rb7+ {[%emt 0:00:03]} Kf8 {[%emt 0:00:00]} 61. Rb4 {[%emt 0:00:50]} Nf3+ {[%emt 0:00:14]} 62. Kg4 {[%emt 0:00:57]} Ne5+ {[%emt 0:00:18]} 63. Kg3 {[%emt 0:00:18]} Kg7 {[%emt 0:00:23]} 64. b3 {[%emt 0:00:17]} Kh6 {[%emt 0:00:36]} 65. Rb5 {[%emt 0:00:26]} Nc6 {[%emt 0:00:13]} 66. Kf4 {[%emt 0:01:10]} Nd4 {[%emt 0:00:58]} 67. Rb4 {[%emt 0:00:02]} Nf5 {[%emt 0:00:16]} 68. Kg4 {[%emt 0:00:40]} Rf6 {[%emt 0:00:25]} 69. Re4 {[%emt 0:01:28]} Nd6 {[%emt 0:00:29]} 70. Re5 {[%emt 0:00:04]} (70. Rf4 $5 {[%cal Rf4f6]} Nf5 71. a5 $11) 70... Rf1 {[%emt 0:00:17]} 71. Rd5 {[%emt 0:00:38]} (71. a5 $11) 71... Nf5 {[%emt 0:00:10]} 72. Rb5 {[%emt 0:02:03]} Rh1 {[%emt 0:00:31]} 73. Rb8 {[%emt 0:00:24]} Rxh4+ {[%emt 0:00:07]} 74. Kf3 {[%emt 0:00:01] [#]} Nd4+ $1 {[%emt 0:00:34]} 75. Kg3 {[%emt 0:00:22]} Re4 {[%emt 0:00:46]} 76. Kf2 $19 {[%emt 0:02:14]} Re2+ {[%emt 0:00:13]} 77. Kf1 {[%emt 0:00:12]} Ra2 {[%emt 0:00:29]} 78. Rb4 {[%emt 0:00:30]} Nc2 {[%emt 0:00:04]} 79. Rb5 {[%emt 0:00:21]} Ra3 {[%emt 0:00:41]} 80. a5 {[%emt 0:01:46]} Nd4 {[%emt 0:00:05]} 81. Rb4 {[%emt 0:00:22]} Nxb3 {[%emt 0:01:04]} 82. a6 {[%emt 0:00:30]} Nc5 {[%emt 0:00:00]} 0-1

[Event "25th Troya Open 2017"]
[Site "Canakkale"]
[Date "2017.08.09"]
[Round "5.8"]
[White "Sahin, Handenur"]
[Black "Tarlabasi, Emirhan"]
[Result "1/2-1/2"]
[WhiteElo "1910"]
[BlackElo "2036"]
[Annotator "NA"]
[PlyCount "38"]
[EventCountry "TUR"]
[SourceTitle "playchess.com"]
[Source "ChessBase"]
[SourceQuality "1"]
[TimeControl "5400+30"]

1. e4 {[%emt 0:00:30]} e6 {[%emt 0:01:00]} 2. d4 {[%emt 0:00:30]} d5 {[%emt 0:00:30]} 3. Nd2 {[%emt 0:00:30]} c5 {[%emt 0:00:30]} 4. exd5 {[%emt 0:00:30]} exd5 {[%emt 0:00:30]} 5. Ngf3 {[%emt 0:00:30]} Nc6 {[%emt 0:00:30]} 6. Bb5 {[%emt 0:00:30]} Qe7+ {[%emt 0:00:00]} 7. Qe2 {[%emt 0:00:30] C09: French Tarrasch: 3...c5 4 exd5 exd5 5 Ngf3 Nc6} Qxe2+ {[%emt 0:00:00]} 8. Kxe2 {[%emt 0:01:30]} a6 {[%emt 0:01:30]} 9. Bxc6+ {[%emt 0:01:30]} bxc6 {[%emt 0:00:00]} 10. dxc5 {[%emt 0:03:30]} Bxc5 {[%emt 0:00:00]} 11. Nb3 {[%emt 0:00:30]} Bd6 {[%emt 0:01:30]} 12. Be3 {[%emt 0:02:30]} Nf6 $146 {[%emt 0:09:30]} ({Predecessor:} 12... Ne7 13. Bc5 Kd7 14. Ng5 Bf4 15. Nxf7 {½-½ (37) Navara,D (2725)-Fridman,D (2596) Tallinn 2016}) 13. Bc5 {[%emt 0:11:30]} Bxc5 {[%emt 0:15:30]} (13... Ke7 $5) 14. Nxc5 {[%emt 0:00:00]} O-O {[%emt 0:02:30]} 15. Nd4 {[%emt 0:10:00]} Nd7 {[%emt 0:01:30]} 16. Nxd7 {[%emt 0:07:30]} Bxd7 {[%emt 0:00:30]} 17. b4 {[%emt 0:05:30]} a5 {[%emt 0:06:30]} 18. a3 {[%emt 0:01:30]} a4 {[%emt 0:00:30]} (18... c5 $5 19. bxc5 Rac8 $11) 19. Kd2 {[%emt 0:03:30]} Rfc8 $14 {[%emt 0:57:30]} 1/2-1/2